MARC
|
|
|
|
| LEADER |
00000nam0a2200000 4500 |
| 001 |
235062 |
| 005 |
20231101231354.0 |
| 035 |
|
|
|a (RuTPU)RU\TPU\book\256191
|
| 090 |
|
|
|a 235062
|
| 100 |
|
|
|a 20130404d1935 m y0rusy50 ca
|
| 101 |
0 |
|
|a rus
|
| 102 |
|
|
|a RU
|
| 105 |
|
|
|a a z 001zy
|
| 200 |
1 |
|
|a Занимательная метеорология
|f Д. О. Святский, Т. Н. Кладо
|
| 205 |
|
|
|a 3-е изд., перераб. и доп.
|
| 210 |
|
|
|a Ленинград
|c Молодая гвардия
|d 1935
|
| 215 |
|
|
|a 288 с.
|c ил.
|
| 320 |
|
|
|a Библиогр.: с. 283-284.
|
| 606 |
1 |
|
|a Метеорология
|2 stltpush
|3 (RuTPU)RU\TPU\subj\43458
|9 62957
|
| 610 |
1 |
|
|a воздух
|
| 610 |
1 |
|
|a давление
|
| 610 |
1 |
|
|a атмосфера
|
| 610 |
1 |
|
|a высокие слои
|
| 610 |
1 |
|
|a температура
|
| 610 |
1 |
|
|a влажность
|
| 610 |
1 |
|
|a туманы
|
| 610 |
1 |
|
|a облака
|
| 610 |
1 |
|
|a ветер
|
| 610 |
1 |
|
|a Солнце
|
| 610 |
1 |
|
|a Луна
|
| 610 |
1 |
|
|a электрические явления
|
| 610 |
1 |
|
|a погода
|
| 610 |
1 |
|
|a предсказание
|
| 610 |
1 |
|
|a климат
|
| 675 |
|
|
|a 551.5
|v 3
|
| 700 |
|
1 |
|a Святский
|b Д. О.
|
| 701 |
|
1 |
|a Кладо
|b Т. Н.
|
| 801 |
|
1 |
|a RU
|b 63413507
|c 20130404
|
| 801 |
|
2 |
|a RU
|b 63413507
|c 20130408
|g RCR
|
| 942 |
|
|
|c BK
|